[Event "45 Otwarte Mistrzostwa Chorzowa OPEN FI"]
[Site "MDK Batory"]
[Date "2009.04.01"]
[Round "5.19"]
[White "Galyga, Jozef"]
[Black "Karcz, Bartlomiej"]
[Result "1/2-1/2"]
[WhiteElo "1906"]
[BlackElo "1799"]
[PlyCount "110"]
[EventDate "2009.??.??"]

1. e4 e5 2. Nf3 Nc6 3. Bb5 a6 4. Ba4 Nf6 5. Bxc6 dxc6 6. d3 Bd6 7. O-O c5 8.
Nbd2 Bg4 9. h3 Bh5 10. Nc4 Qe7 11. b3 Nd7 12. Bb2 f6 13. Ne3 Nb6 14. a4 Qf7 15.
a5 Nc8 16. g4 Bg6 17. Nh4 Ne7 18. Nhf5 O-O-O 19. Nxe7+ Bxe7 20. Qf3 h5 21. Kg2
Kb8 22. Rg1 hxg4 23. hxg4 Rh7 24. Rh1 Rdh8 25. Rxh7 Rxh7 26. Rh1 Qg8 27. Rxh7
Qxh7 28. Qh3 b5 29. axb6 cxb6 30. Qxh7 Bxh7 31. Nd5 Bd8 32. g5 Kb7 33. gxf6
gxf6 34. f4 Bg6 35. fxe5 fxe5 36. Bxe5 Bh5 37. Kf2 Bg5 38. Ke1 Kc6 39. Bf4 Bh4+
40. Kd2 b5 41. c4 bxc4 42. dxc4 a5 43. Bc7 Bf3 44. Ke3 Bd1 45. Bxa5 Bxb3 46.
Kd3 Bg3 47. Bc3 Kd6 48. Ne3 Bf4 49. Nd5 Bg3 50. Nf6 Be5 51. Bxe5+ Kxe5 52. Ng4+
Kf4 53. Ne3 Ke5 54. Ng4+ Kf4 55. Ne3 Ke5 1/2-1/2

[Event "45 Otwarte Mistrzostwa Chorzowa OPEN FI"]
[Site "MDK Batory"]
[Date "2009.04.01"]
[Round "5.20"]
[White "Rak, Dariusz"]
[Black "Mandla, Maciej"]
[Result "1-0"]
[WhiteElo "1884"]
[BlackElo "1690"]
[PlyCount "109"]
[EventDate "2009.??.??"]

1. d4 Nf6 2. c4 g6 3. Nc3 Bg7 4. e4 d6 5. Nf3 O-O 6. Be2 Nc6 7. O-O e5 8. d5
Ne7 9. Ne1 Nd7 10. f3 f5 11. g4 f4 12. b4 g5 13. Nd3 b6 14. Bd2 Ng6 15. a4 Nf6
16. c5 h5 17. h3 Nh4 18. a5 hxg4 19. hxg4 b5 20. Nxb5 Nxd5 21. exd5 e4 22. Rc1
exd3 23. Bxd3 a6 24. Nc3 Bd4+ 25. Kh1 Qf6 26. Qe2 Qh6 27. Qh2 Kg7 28. Ne2 dxc5
29. Nxd4 cxd4 30. Rxc7+ Rf7 31. Rfc1 Bd7 32. Be1 Nxf3 33. Qxh6+ Kxh6 34. Bf5
Ne5 35. Bxd7 Rxd7 36. Rxd7 Nxd7 37. Rc6+ Kg7 38. Rc7 Rd8 39. Ra7 Kf6 40. Kg2
Ke5 41. Rxa6 Kxd5 42. Rg6 f3+ 43. Kf2 Ne5 44. Rxg5 Ke4 45. a6 Nd3+ 46. Kf1 Nxe1
47. Kxe1 f2+ 48. Kxf2 d3 49. Ke1 Re8 50. Kd2 Kd4 51. a7 Re2+ 52. Kd1 Ke3 53.
a8=Q Rd2+ 54. Kc1 Rc2+ 55. Kb1 1-0

[Event "45 Otwarte Mistrzostwa Chorzowa OPEN FI"]
[Site "MDK Batory"]
[Date "2009.04.01"]
[Round "5.23"]
[White "Jablonski, Lechoslaw"]
[Black "Czornik, Adam"]
[Result "0-1"]
[WhiteElo "1654"]
[BlackElo "1770"]
[PlyCount "60"]
[EventDate "2009.??.??"]

1. e4 e6 2. d4 d5 3. Nd2 c5 4. Ngf3 Nf6 5. e5 Nfd7 6. c3 Qb6 7. Bd3 Nc6 8. Qa4
c4 9. Bb1 f6 10. exf6 Nxf6 11. O-O Bd7 12. Qd1 O-O-O 13. Re1 Bd6 14. b4 Qc7 15.
a4 e5 16. Nf1 Bg4 17. h3 Bh5 18. Bf5+ Kb8 19. b5 Ne7 20. g4 Nxf5 21. gxh5 e4
22. Ng5 Qd7 23. a5 h6 24. Nf3 exf3 25. Qxf3 Nh4 26. Qh1 Ne4 27. a6 b6 28. Rxe4
dxe4 29. Ng3 Nf3+ 30. Kg2 Rde8 0-1

[Event "45 Otwarte Mistrzostwa Chorzowa OPEN FI"]
[Site "MDK Batory"]
[Date "2009.04.01"]
[Round "5.24"]
[White "Szczecina, Kamil"]
[Black "Czornik, Janusz"]
[Result "0-1"]
[WhiteElo "1686"]
[BlackElo "1749"]
[PlyCount "70"]
[EventDate "2009.??.??"]

1. e4 e6 2. d4 d5 3. exd5 exd5 4. Bd3 Nc6 5. c3 Bd6 6. Qf3 Nf6 7. h3 Qe7+ 8.
Qe2 Ne4 9. Nd2 Bf5 10. Nxe4 Bxe4 11. Bxe4 dxe4 12. g3 O-O-O 13. Be3 f5 14. Qb5
Qf7 15. b4 f4 16. gxf4 Bxf4 17. Qe2 Kb8 18. Rb1 Rhf8 19. a4 Qg6 20. Qg4 Qh6 21.
Ke2 Rf7 22. h4 Ne7 23. Rh3 Nd5 24. Kd2 Nb6 25. a5 Nc4+ 26. Ke2 Rdf8 27. Re1
Bxe3 28. fxe3 Rf2+ 29. Kd1 Nb2+ 30. Kc1 Nd3+ 31. Kd1 Nxe1 32. Kxe1 Rf1+ 33. Kd2
Qa6 34. Qxe4 R8f2+ 35. Ne2 Qxe2# 0-1

[Event "45 Otwarte Mistrzostwa Chorzowa OPEN FI"]
[Site "MDK Batory"]
[Date "2009.04.01"]
[Round "5.26"]
[White "Korcz, Daniel"]
[Black "Klama, Andrzej"]
[Result "1/2-1/2"]
[WhiteElo "1742"]
[BlackElo "1663"]
[PlyCount "74"]
[EventDate "2009.??.??"]

1. e4 e6 2. d4 b6 3. Bd3 Bb7 4. Ne2 Nf6 5. Ng3 d6 6. f4 Nbd7 7. Be3 g6 8. Nd2
Bg7 9. c3 a6 10. O-O c5 11. Rc1 Qe7 12. Kh1 Rc8 13. Qe2 b5 14. e5 Nd5 15. Nde4
dxe5 16. fxe5 O-O 17. Bg5 f6 18. exf6 N5xf6 19. dxc5 Nxc5 20. Nxf6+ Bxf6 21.
Bxf6 Rxf6 22. Rxf6 Qxf6 23. Rf1 Qe7 24. Bc2 Bd5 25. b3 Nd7 26. Be4 Nf6 27. Bxd5
Nxd5 28. c4 bxc4 29. bxc4 Nc3 30. Qb2 Rxc4 31. Qb8+ Kg7 32. Qe5+ Kh6 33. Rf3
Rc5 34. Nf5+ gxf5 35. Rh3+ Kg6 36. Rg3+ Kh5 37. Rh3+ Kg6 1/2-1/2

[Event "45 Otwarte Mistrzostwa Chorzowa OPEN FI"]
[Site "MDK Batory"]
[Date "2009.04.02"]
[Round "6.1"]
[White "Mulet, Piotr"]
[Black "Kalinin, Oleg"]
[Result "1-0"]
[WhiteElo "2303"]
[BlackElo "2377"]
[PlyCount "139"]
[EventDate "2009.??.??"]

1. e4 c5 2. c3 Nf6 3. e5 Nd5 4. d4 cxd4 5. cxd4 d6 6. Nf3 Nc6 7. Bc4 e6 8. O-O
Be7 9. a3 O-O 10. Bd3 dxe5 11. dxe5 Qc7 12. Qe2 Na5 13. Nc3 Nxc3 14. bxc3 Nb3
15. Bxh7+ Kxh7 16. Qc2+ Kg8 17. Qxb3 b6 18. Bf4 Ba6 19. Rfd1 Be2 20. Rd4 Bxf3
21. gxf3 Bc5 22. Rd3 Rfd8 23. Rad1 Rxd3 24. Rxd3 Rd8 25. c4 Rd4 26. Rxd4 Bxd4
27. Qb5 Qe7 28. a4 a5 29. Kg2 Qh4 30. Bg3 Qh5 31. Qc6 Bc5 32. Qa8+ Kh7 33. Qe4+
Kg8 34. Kf1 Qg5 35. h4 Qd8 36. Kg2 Qe8 37. Qc2 Qc6 38. h5 Bd4 39. Qd3 Qc5 40.
Qe2 Qc6 41. Qd2 Qc5 42. f4 Qc6+ 43. f3 Bc5 44. Qd1 Be7 45. Qb3 Bb4 46. Qc2 Qd7
47. Kh3 Bc5 48. Kg4 Qd4 49. Qe4 Qd7 50. Qa8+ Kh7 51. Qe4+ g6 52. Qc2 Qd4 53.
hxg6+ fxg6 54. Qh2+ Kg8 55. Qc2 Kf7 56. Qe4 Qd7 57. Bh4 Qxa4 58. Qb7+ Kf8 59.
Qc8+ Kf7 60. Qc7+ Kf8 61. Qh7 Qc2 62. Qh8+ Kf7 63. Qf6+ Kg8 64. Qxe6+ Kf8 65.
Qc8+ Kg7 66. Qd7+ Kf8 67. e6 Qf5+ 68. Kg3 Kg8 69. Qd8+ Kg7 70. e7 1-0

[Event "45 Otwarte Mistrzostwa Chorzowa OPEN FI"]
[Site "MDK Batory"]
[Date "2009.04.02"]
[Round "6.2"]
[White "Osipow, Nikolaj"]
[Black "Buchowski, Adam"]
[Result "1-0"]
[WhiteElo "2251"]
[BlackElo "1919"]
[PlyCount "79"]
[EventDate "2009.??.??"]

1. e4 d6 2. d4 Nf6 3. Nc3 c6 4. Nf3 Bg4 5. h3 Bxf3 6. Qxf3 Nbd7 7. g4 h6 8. h4
Nb6 9. g5 hxg5 10. hxg5 Rxh1 11. Qxh1 Nfd7 12. g6 f6 13. Bh3 e5 14. d5 Qc7 15.
a4 a5 16. Ra3 Nc5 17. Qf3 Nc4 18. Ra1 Qe7 19. b3 Nb6 20. Ba3 Na6 21. Rd1 Nb4
22. Qe2 Kd8 23. Bxb4 axb4 24. Na2 c5 25. Qb5 Ra6 26. Bf5 Na8 27. c3 bxc3 28.
Nxc3 Qc7 29. Qe2 Qa5 30. Rd3 c4 31. bxc4 Nb6 32. Kf1 Nxa4 33. Nb5 Nb6 34. Rh3
Qb4 35. Rh8 Ke7 36. Kg2 Ra1 37. Rxf8 Qb1 38. Rh8 Qg1+ 39. Kf3 Re1 40. Nc7 1-0

[Event "45 Otwarte Mistrzostwa Chorzowa OPEN FI"]
[Site "MDK Batory"]
[Date "2009.04.02"]
[Round "6.3"]
[White "Banasik, Henryk"]
[Black "Marek, Eugeniusz"]
[Result "1-0"]
[WhiteElo "2121"]
[BlackElo "1920"]
[PlyCount "55"]
[EventDate "2009.??.??"]

1. e4 c6 2. d4 d5 3. Nc3 dxe4 4. Nxe4 Bf5 5. Ng3 Bg6 6. Bc4 e6 7. N1e2 Bd6 8.
h4 h6 9. Nf4 Ne7 10. O-O Qc7 11. Nxg6 Nxg6 12. h5 Nf4 13. Qg4 Kf8 14. Bxf4 Bxf4
15. Ne2 Bd6 16. f4 Nd7 17. Rae1 Nf6 18. Qf3 Re8 19. Bb3 Re7 20. c4 b6 21. Nc3
Bb4 22. Re2 a6 23. Rfe1 Qd6 24. d5 cxd5 25. cxd5 Bxc3 26. bxc3 Nxd5 27. Bxd5
Qc5+ 28. Kf1 1-0

[Event "45 Otwarte Mistrzostwa Chorzowa OPEN FI"]
[Site "MDK Batory"]
[Date "2009.04.02"]
[Round "6.4"]
[White "Galyga, Zbigniew"]
[Black "Widera, Jan"]
[Result "1-0"]
[WhiteElo "2217"]
[BlackElo "2030"]
[PlyCount "99"]
[EventDate "2009.??.??"]

1. Nf3 d5 2. d4 Nf6 3. c4 c6 4. e3 a6 5. Be2 b5 6. b3 e6 7. O-O Be7 8. Nbd2
Nbd7 9. Ne5 Bb7 10. f4 O-O 11. c5 Ne4 12. Qc2 f5 13. g4 g5 14. gxf5 exf5 15.
Nxe4 fxe4 16. Bg4 Nxe5 17. dxe5 Bc8 18. f5 h5 19. Bxh5 Bxf5 20. Bb2 Be6 21. Bd4
Qd7 22. Rf6 Bxf6 23. exf6 Qh7 24. Qe2 Ra7 25. Rf1 Qh6 26. Rf2 Rh7 27. Bg4 Bf7
28. Rg2 Qh4 29. Bf5 Rh6 30. Rg4 Qh5 31. Qg2 Kh8 32. Qg3 Rg8 33. Kg2 Rf8 34. Kh1
Rg8 35. Kg1 Rf8 36. Kg2 Rg8 37. h3 Rf8 38. Kh2 Rg8 39. Qg2 Rgg6 40. Bxg6 Rxg6
41. Qg3 Kh7 42. Qe5 Rh6 43. Qf5+ Rg6 44. Qd7 Rh6 45. Rxg5 Qxg5 46. Qxf7+ Kh8
47. Qf8+ Kh7 48. Qe7+ Kg6 49. Qg7+ Kf5 50. Qxg5+ 1-0

[Event "45 Otwarte Mistrzostwa Chorzowa OPEN FI"]
[Site "MDK Batory"]
[Date "2009.04.02"]
[Round "6.5"]
[White "Sztwiertnia, Krzysztof"]
[Black "Janiszewski, Maciej"]
[Result "0-1"]
[WhiteElo "2021"]
[BlackElo "2093"]
[PlyCount "94"]
[EventDate "2009.??.??"]

1. Nf3 d5 2. d4 Nf6 3. c4 c6 4. Nc3 e6 5. e3 Nbd7 6. Qc2 Bd6 7. b3 O-O 8. Be2
e5 9. cxd5 cxd5 10. dxe5 Nxe5 11. Bb2 Re8 12. O-O Nfg4 13. Nxe5 Rxe5 14. Bxg4
Bxg4 15. Nb5 Rh5 16. Nxd6 Qxd6 17. f4 Qh6 18. h3 Rc8 19. Qf2 Bxh3 20. Rac1 Bf5
21. Rxc8+ Bxc8 22. Qg3 Bf5 23. Kf2 Rh4 24. Bxg7 Qh5 25. Be5+ Rg4 26. Qh3 Rxf4+
27. Bxf4 Bxh3 28. gxh3 Qxh3 29. Rg1+ Kf8 30. Rg2 Qf5 31. Kg3 Ke7 32. Rd2 Ke6
33. Rd4 Qb1 34. Ra4 a6 35. Kg4 Qg1+ 36. Kf3 h5 37. Bg3 Qf1+ 38. Bf2 b6 39. Kg3
a5 40. Kf3 f5 41. Kg3 Qe2 42. Kg2 Qd2 43. Rh4 Qxa2 44. Rxh5 Qxb3 45. Rh6+ Ke5
46. Kf3 Qd1+ 47. Kg2 b5 0-1

[Event "45 Otwarte Mistrzostwa Chorzowa OPEN FI"]
[Site "MDK Batory"]
[Date "2009.04.02"]
[Round "6.6"]
[White "Michalski, Edmund"]
[Black "Kaczmarek, Aleksander"]
[Result "0-1"]
[WhiteElo "1922"]
[BlackElo "1886"]
[PlyCount "58"]
[EventDate "2009.??.??"]

1. d4 Nf6 2. Nf3 d6 3. c4 Bg4 4. e3 c6 5. Be2 e6 6. Nc3 d5 7. cxd5 exd5 8. h3
Bf5 9. O-O Bd6 10. Nh4 Bg6 11. Bf3 Nbd7 12. Re1 O-O 13. Nxg6 hxg6 14. e4 dxe4
15. Nxe4 Nxe4 16. Bxe4 Nf6 17. Bg5 Qd7 18. Bf3 Rae8 19. Qd2 Bc7 20. Re2 Rxe2
21. Qxe2 Qxd4 22. Rd1 Qa4 23. b3 Qa5 24. Bxf6 gxf6 25. Rd7 Be5 26. Rxb7 Re8 27.
g3 Re6 28. b4 Qa3 29. Qc2 Qxf3 0-1

[Event "45 Otwarte Mistrzostwa Chorzowa OPEN FI"]
[Site "MDK Batory"]
[Date "2009.04.02"]
[Round "6.7"]
[White "Kuciel, Wladyslaw"]
[Black "Ronke, Robert"]
[Result "0-1"]
[WhiteElo "2121"]
[BlackElo "1930"]
[PlyCount "28"]
[EventDate "2009.??.??"]

1. d4 e6 2. c4 f5 3. Nc3 Nf6 4. g3 d6 5. Bg2 Be7 6. e4 O-O 7. Nge2 c6 8. O-O
Nbd7 9. exf5 exf5 10. Qd3 Qe8 11. b3 Nh5 12. Nf4 Nxf4 13. Bxf4 Nf6 14. Rae1 Qf7
0-1

[Event "45 Otwarte Mistrzostwa Chorzowa OPEN FI"]
[Site "MDK Batory"]
[Date "2009.04.02"]
[Round "6.8"]
[White "Fraczek, Leslaw"]
[Black "Sroka, Janusz"]
[Result "0-1"]
[WhiteElo "1908"]
[BlackElo "2109"]
[PlyCount "68"]
[EventDate "2009.??.??"]

1. d4 Nf6 2. c4 e6 3. Nc3 Bb4 4. Qc2 b6 5. a3 Bxc3+ 6. Qxc3 Bb7 7. f3 d5 8. Bg5
Nbd7 9. cxd5 exd5 10. e3 Rc8 11. b4 O-O 12. Qb3 Re8 13. Rc1 h6 14. Bh4 Qe7 15.
Rc3 Nf8 16. Nh3 Ng6 17. Bf2 c5 18. Bb5 cxd4 19. Rxc8 Rxc8 20. O-O dxe3 21. Qxe3
Qxe3 22. Bxe3 Rc3 23. Bc1 a6 24. Be2 d4 25. Rd1 Nd5 26. Kf2 Rc2 27. Bd2 b5 28.
Bd3 Ra2 29. Ke1 Nh4 30. Bf1 g5 31. Nf2 Kg7 32. Bc1 Ne3 33. Bxe3 dxe3 34. Ng4
Bxf3 0-1

[Event "45 Otwarte Mistrzostwa Chorzowa OPEN FI"]
[Site "MDK Batory"]
[Date "2009.04.02"]
[Round "6.9"]
[White "Kazek, Krzysztof"]
[Black "Rychlik, Bogdan"]
[Result "1/2-1/2"]
[WhiteElo "2029"]
[BlackElo "1927"]
[PlyCount "108"]
[EventDate "2009.??.??"]

1. d4 d5 2. c4 e6 3. Nc3 c5 4. cxd5 exd5 5. e3 Nf6 6. Nf3 Nc6 7. Bb5 a6 8.
Bxc6+ bxc6 9. Ne5 Qc7 10. Qa4 Bd7 11. Nxd7 Nxd7 12. O-O Bd6 13. g3 O-O 14. b3
a5 15. dxc5 Be5 16. Bb2 Nxc5 17. Qg4 Nd3 18. Qe2 Nxb2 19. Qxb2 Rfb8 20. Qc2 a4
21. bxa4 Bxc3 22. Qxc3 Rxa4 23. Rfc1 Rb6 24. Qc5 Qd8 25. Rab1 Rc4 26. Qa5 Rxc1+
27. Rxc1 Qb8 28. Qc5 Qb7 29. Kg2 h6 30. Rc3 Ra6 31. Rb3 Qc7 32. Rc3 Qe5 33. Ra3
Rxa3 34. Qxa3 Qe4+ 35. Kg1 Qc4 36. Qa8+ Kh7 37. Qe8 Qxa2 38. Qxc6 Qa1+ 39. Kg2
Qe5 40. h4 g6 41. Qb7 Kg7 42. Qc6 Qe4+ 43. Kg1 g5 44. hxg5 hxg5 45. Qd6 f6 46.
Qd7+ Kg6 47. Qc8 Kh5 48. Qh3+ Kg6 49. Qc8 Qf3 50. Qg8+ Kf5 51. Qc8+ Ke4 52.
Qc2+ Ke5 53. Qc3+ Kf5 54. Qc8+ Ke5 1/2-1/2

[Event "45 Otwarte Mistrzostwa Chorzowa OPEN FI"]
[Site "MDK Batory"]
[Date "2009.04.02"]
[Round "6.10"]
[White "Radzikowski, Dawid"]
[Black "Moryson, Adrian"]
[Result "1-0"]
[WhiteElo "1953"]
[BlackElo "1897"]
[PlyCount "65"]
[EventDate "2009.??.??"]

1. e4 d6 2. d4 Nf6 3. Nc3 g6 4. Bg5 Bg7 5. e5 dxe5 6. dxe5 Qxd1+ 7. Rxd1 Ng4 8.
h3 Bxe5 9. hxg4 Bxg4 10. Be2 Bf5 11. Bh6 Bxc2 12. Rd2 Bf5 13. Nf3 Bd6 14. Nd4
Nd7 15. Nxf5 gxf5 16. Bg7 Rg8 17. Rxh7 O-O-O 18. Kf1 a6 19. Bh5 Ne5 20. Bxe5
Bxe5 21. Rxd8+ Rxd8 22. Bxf7 Rd2 23. Nd5 Bd6 24. Be6+ Kb8 25. Nxe7 Bb4 26. Rh8+
Ka7 27. Nc8+ Kb8 28. Bxf5 Rxb2 29. a4 c5 30. g4 Bd2 31. Nb6+ Ka7 32. Nc4 Bc3
33. Rh3 1-0

[Event "45 Otwarte Mistrzostwa Chorzowa OPEN FI"]
[Site "MDK Batory"]
[Date "2009.04.02"]
[Round "6.12"]
[White "Blasiak, Miroslaw"]
[Black "Faron, Rafal"]
[Result "1/2-1/2"]
[WhiteElo "1950"]
[BlackElo "1707"]
[PlyCount "93"]
[EventDate "2009.??.??"]

1. e4 c5 2. Nf3 Nc6 3. d4 cxd4 4. Nxd4 Nf6 5. Nc3 e5 6. Ndb5 d6 7. Bg5 a6 8.
Na3 b5 9. Bxf6 gxf6 10. Nd5 f5 11. Bd3 Be6 12. Qh5 Rg8 13. g3 f4 14. Qd1 Nd4
15. Be2 Bxd5 16. exd5 Nxe2 17. Qxe2 Qa5+ 18. Qd2 Qxd2+ 19. Kxd2 Bh6 20. Ke2 Rc8
21. c3 f5 22. Nc2 a5 23. a3 Kd7 24. Rhd1 Bg5 25. Ne1 fxg3 26. hxg3 f4 27. gxf4
Bxf4 28. Nd3 Rcf8 29. Rh1 Rh8 30. a4 bxa4 31. Rxa4 h5 32. Rxa5 Ke7 33. Nb4 h4
34. Nd3 h3 35. Ra7+ Kf6 36. Nxf4 exf4 37. Kf3 Ke5 38. Ra4 h2 39. Re4+ Kxd5 40.
Rxf4 Rb8 41. Rd4+ Ke6 42. b4 Rh3+ 43. Ke2 Ke5 44. Rd3 Rh4 45. Rg3 Kd5 46. Kf3
Kc4 47. Kg2 1/2-1/2

[Event "45 Otwarte Mistrzostwa Chorzowa OPEN FI"]
[Site "MDK Batory"]
[Date "2009.04.02"]
[Round "6.13"]
[White "Noga, Jozef"]
[Black "Santura, Janusz"]
[Result "1-0"]
[WhiteElo "2030"]
[BlackElo "1852"]
[PlyCount "65"]
[EventDate "2009.??.??"]

1. d4 d5 2. Nf3 Nf6 3. e3 Bg4 4. c4 c6 5. h3 Bh5 6. Qb3 Qb6 7. Qxb6 axb6 8.
cxd5 Bxf3 9. gxf3 Nxd5 10. Bd2 e6 11. Nc3 Nb4 12. Rc1 Be7 13. Rg1 g6 14. a3 Nd5
15. Nxd5 exd5 16. e4 O-O 17. exd5 cxd5 18. Bb5 Bf6 19. Bh6 Rd8 20. Bg5 Bxg5 21.
Rxg5 Na6 22. Re5 Kf8 23. Kd2 Rd6 24. f4 f6 25. Re3 Kf7 26. Rce1 Rb8 27. Re7+
Kg8 28. f5 g5 29. f4 h6 30. h4 Rc8 31. hxg5 fxg5 32. fxg5 Nc7 33. Rc1 1-0

[Event "45 Otwarte Mistrzostwa Chorzowa OPEN FI"]
[Site "MDK Batory"]
[Date "2009.04.02"]
[Round "6.15"]
[White "Stepniewski, Jerzy"]
[Black "Klementys, Jerzy"]
[Result "1-0"]
[WhiteElo "1810"]
[BlackElo "1859"]
[PlyCount "119"]
[EventDate "2009.??.??"]

1. Nf3 Nf6 2. g3 g6 3. Bg2 Bg7 4. c3 O-O 5. O-O d5 6. d4 b6 7. Re1 Bb7 8. Nbd2
Nbd7 9. Nf1 Re8 10. Ne5 Ne4 11. Nxd7 Qxd7 12. f3 Nf6 13. g4 h6 14. Ng3 c5 15.
h4 Qc7 16. Kf2 e5 17. g5 hxg5 18. hxg5 Nh7 19. dxc5 Qxc5+ 20. Be3 d4 21. cxd4
exd4 22. Bf4 d3+ 23. e3 Bxb2 24. Rb1 Qa3 25. Qb3 d2 26. Red1 Qxb3 27. axb3 Bc3
28. Ne2 Bb4 29. e4 Red8 30. Be3 Rd3 31. Bf1 Rad8 32. Ng3 R3d7 33. f4 a5 34.
Bxb6 Rc8 35. Bh3 Rd6 36. Bxc8 Rxb6 37. Bxb7 Rxb7 38. e5 Rd7 39. Ne2 Rd3 40. Rb2
Nf8 41. Rc2 Ne6 42. Rc4 Rxb3 43. Ng1 Nc5 44. Nf3 Nd3+ 45. Ke2 Nc1+ 46. Kf2 Rb2
47. Rc8+ Kg7 48. e6 fxe6 49. Rc7+ Kg8 50. Ne5 a4 51. Nd7 a3 52. Nf6+ Kf8 53.
Nh7+ Ke8 54. Nf6+ Kd8 55. Rcxc1 a2 56. Ke2 Ke7 57. Rc7+ Kd6 58. Ra7 Kc6 59. Ne4
Kd5 60. Nxd2 1-0

[Event "45 Otwarte Mistrzostwa Chorzowa OPEN FI"]
[Site "MDK Batory"]
[Date "2009.04.02"]
[Round "6.16"]
[White "Sobek, Piotr"]
[Black "Kostowski, Andrzej"]
[Result "1-0"]
[WhiteElo "1866"]
[BlackElo "1846"]
[PlyCount "39"]
[EventDate "2009.??.??"]

1. e4 e5 2. Nf3 d6 3. d4 exd4 4. Qxd4 h6 5. Nc3 c6 6. Bd2 Be6 7. Bd3 Nf6 8. e5
c5 9. Qh4 dxe5 10. Nxe5 Nc6 11. Nxc6 bxc6 12. O-O Be7 13. Rad1 Qc7 14. Rfe1 Ng4
15. Rxe6 fxe6 16. Qxg4 O-O-O 17. Qxe6+ Kb7 18. Be4 Rd7 19. Qb3+ Ka8 20. Nb5 1-0

[Event "45 Otwarte Mistrzostwa Chorzowa OPEN FI"]
[Site "MDK Batory"]
[Date "2009.04.02"]
[Round "6.17"]
[White "Czornik, Janusz"]
[Black "Kempa, Stefan"]
[Result "0-1"]
[WhiteElo "1749"]
[BlackElo "2080"]
[PlyCount "64"]
[EventDate "2009.??.??"]

1. e4 c6 2. d4 d5 3. e5 Bf5 4. h4 h6 5. g4 Bh7 6. e6 fxe6 7. Bf4 Nd7 8. Nc3 g6
9. Qe2 Bg7 10. O-O-O e5 11. dxe5 e6 12. Nf3 Qc7 13. Kb1 Ne7 14. Bh3 Bg8 15.
Rhe1 a6 16. Nd4 c5 17. Ndb5 axb5 18. Nxb5 Qc6 19. Nd6+ Kd8 20. Bg3 Qa6 21. Qxa6
bxa6 22. f4 Nc6 23. h5 g5 24. Bg2 gxf4 25. Bxf4 Bxe5 26. Bxe5 Ncxe5 27. Nb7+
Kc7 28. Nxc5 Nxc5 29. Rxe5 Rf8 30. g5 hxg5 31. Rxg5 Rf2 32. Bh3 Bh7 0-1

[Event "45 Otwarte Mistrzostwa Chorzowa OPEN FI"]
[Site "MDK Batory"]
[Date "2009.04.02"]
[Round "6.18"]
[White "Rzepka, Maciej"]
[Black "Galyga, Jozef"]
[Result "1/2-1/2"]
[WhiteElo "1737"]
[BlackElo "1906"]
[PlyCount "62"]
[EventDate "2009.??.??"]

1. e4 e6 2. d3 d5 3. Nd2 Nf6 4. Ngf3 b6 5. g3 Be7 6. Bg2 dxe4 7. dxe4 Ba6 8. c4
Nc6 9. O-O e5 10. b3 O-O 11. Bb2 Nd7 12. Bh3 Bf6 13. Ba3 Re8 14. Nb1 Nd4 15.
Nc3 c6 16. Re1 Qc7 17. Na4 Rad8 18. Nxd4 exd4 19. f4 c5 20. Bg2 Bb7 21. Nb2 a6
22. Nd3 g6 23. Bb2 Bg7 24. a4 a5 25. Ra2 Nb8 26. Bc1 Nc6 27. Rae2 Nb4 28. Nxb4
axb4 29. Qd3 Bc6 30. Bd2 Qb7 31. Bc1 Rd7 1/2-1/2

[Event "45 Otwarte Mistrzostwa Chorzowa OPEN FI"]
[Site "MDK Batory"]
[Date "2009.04.02"]
[Round "6.19"]
[White "Bogacki, Henryk"]
[Black "Muc, Zbigniew"]
[Result "0-1"]
[WhiteElo "1554"]
[BlackElo "1848"]
[PlyCount "92"]
[EventDate "2009.??.??"]

1. e4 c6 2. d4 d5 3. exd5 cxd5 4. c4 Nf6 5. Nc3 Nc6 6. Nf3 Bg4 7. Be2 e6 8.
cxd5 Nxd5 9. O-O Be7 10. Re1 O-O 11. a3 Bf6 12. Be3 a6 13. Ne4 Be7 14. h3 Bh5
15. Ng3 Nxe3 16. fxe3 Bxf3 17. Bxf3 Bh4 18. Bxc6 Bxg3 19. Bxb7 Rb8 20. Rf1 Rxb7
21. Qf3 Qb8 22. b4 Bh4 23. Qe4 Bf6 24. Qg4 Qd8 25. Rf3 Rb5 26. h4 Bxh4 27. Rh3
Bg5 28. Rf1 g6 29. Kf2 Rf5+ 30. Ke2 Rxf1 31. Kxf1 Qe7 32. Rg3 Bh6 33. Rh3 Bg7
34. Rh2 Rc8 35. Qh3 h6 36. Qf3 Qd7 37. Rh4 Qb5+ 38. Kf2 Qd5 39. Qg3 Qa2+ 40.
Kg1 Qxa3 41. Rf4 Qxb4 42. Qf3 Rc1+ 43. Kh2 Qd6 44. g3 f5 45. Qa8+ Kh7 46. Qe8
Qc6 0-1

[Event "45 Otwarte Mistrzostwa Chorzowa OPEN FI"]
[Site "MDK Batory"]
[Date "2009.04.02"]
[Round "6.20"]
[White "Karcz, Bartlomiej"]
[Black "Hendel, Kazimierz"]
[Result "0-1"]
[WhiteElo "1799"]
[BlackElo "1671"]
[PlyCount "82"]
[EventDate "2009.??.??"]

1. e4 c6 2. d4 d5 3. exd5 cxd5 4. c4 Nf6 5. Nf3 Nc6 6. Nc3 e6 7. Bd3 a6 8. Bg5
h6 9. Bxf6 gxf6 10. O-O dxc4 11. Bxc4 b5 12. Bd3 Ra7 13. Rc1 Nb4 14. Be2 Rd7
15. Nxb5 axb5 16. Bxb5 Nd5 17. Qa4 Bd6 18. Rc6 Ke7 19. Rfc1 Rc7 20. Rxc7+ Bxc7
21. Qa7 Bd7 22. Bc4 Qb8 23. Qa3+ Bd6 24. Qd3 Nf4 25. Qd2 Rg8 26. Bf1 Nh3+ 27.
Kh1 Bf4 28. Qa5 Nxf2+ 29. Kg1 Bxc1 30. Qc5+ Qd6 31. Qxc1 Nh3+ 32. Kh1 Bc6 33.
Qe3 Bxf3 34. Qxf3 Ng5 35. Qb7+ Kf8 36. b4 Qxd4 37. b5 Ne4 38. g3 Qf2 39. Bh3
Rxg3 40. Qa8+ Kg7 41. Qxe4 Rg1# 0-1

[Event "45 Otwarte Mistrzostwa Chorzowa OPEN FI"]
[Site "MDK Batory"]
[Date "2009.04.02"]
[Round "6.23"]
[White "Mandla, Maciej"]
[Black "Rosicki, Marcin"]
[Result "1-0"]
[WhiteElo "1690"]
[BlackElo "1527"]
[PlyCount "81"]
[EventDate "2009.??.??"]

1. e4 c5 2. Nc3 e6 3. d3 a6 4. f4 Nc6 5. Nf3 Be7 6. g3 d5 7. e5 Nh6 8. Bg2 O-O
9. O-O Qb6 10. Kh1 Nf5 11. Ne2 f6 12. c3 Kh8 13. h3 Rg8 14. g4 Nh6 15. Ng3 Bd7
16. Qe2 Nf7 17. f5 Ncxe5 18. fxe6 Qxe6 19. Re1 Bd6 20. Nf5 Rae8 21. Qf1 Bb5 22.
Re3 Qd7 23. Bd2 Nxf3 24. Qxf3 Rxe3 25. Bxe3 Bc6 26. d4 cxd4 27. cxd4 Re8 28.
Rf1 Nd8 29. g5 fxg5 30. Bxg5 Rf8 31. Qg4 Nf7 32. Be7 Rg8 33. Nxd6 Nxd6 34. Qxd7
Bxd7 35. Bxd6 Bc6 36. Be5 Re8 37. Rf7 Rg8 38. h4 h6 39. Bh3 Kh7 40. Bf5+ Kh8
41. Bd7 1-0

[Event "45 Otwarte Mistrzostwa Chorzowa OPEN FI"]
[Site "MDK Batory"]
[Date "2009.04.02"]
[Round "6.24"]
[White "Solek, Zenon"]
[Black "Jablonski, Lechoslaw"]
[Result "1-0"]
[WhiteElo "1852"]
[BlackElo "1654"]
[PlyCount "64"]
[EventDate "2009.??.??"]

1. e4 c5 2. Nc3 d6 3. g3 Nc6 4. Bg2 g6 5. Nge2 Bg7 6. O-O Nf6 7. d3 O-O 8. f4
Bg4 9. h3 Bxe2 10. Nxe2 e6 11. c3 Qc7 12. Be3 Rad8 13. Re1 b6 14. d4 Nd7 15.
Qa4 f5 16. exf5 d5 17. fxe6 Ndb8 18. dxc5 Rfe8 19. cxb6 axb6 20. Rad1 Ne7 21.
Qb5 d4 22. Bxd4 Bxd4+ 23. Rxd4 Qc5 24. Qxc5 bxc5 25. Rdd1 Na6 26. g4 Kg7 27.
Ng3 Nc7 28. f5 gxf5 29. gxf5 Ncd5 30. Ne4 Rb8 31. f6+ Kg6 32. fxe7 Ne3 1-0

[Event "45 Otwarte Mistrzostwa Chorzowa OPEN FI"]
[Site "MDK Batory"]
[Date "2009.04.02"]
[Round "6.25"]
[White "Korcz, Daniel"]
[Black "Szczecina, Kamil"]
[Result "0-1"]
[WhiteElo "1742"]
[BlackElo "1686"]
[PlyCount "110"]
[EventDate "2009.??.??"]

1. e4 c5 2. Nf3 e6 3. d4 cxd4 4. Nxd4 a6 5. c4 Qc7 6. Bd3 Nf6 7. Nc3 Be7 8. O-O
O-O 9. Re1 d6 10. Be3 Nc6 11. Nxc6 bxc6 12. h3 Bb7 13. Rc1 Rfd8 14. Qe2 Rac8
15. Bf4 e5 16. Be3 Rb8 17. Na4 c5 18. Nc3 Bc6 19. Qc2 Rb7 20. Nd5 Qd7 21. Rcd1
Rdb8 22. b3 Qe8 23. Be2 Nxd5 24. exd5 Bd7 25. Bd3 g6 26. f4 f5 27. fxe5 dxe5
28. Qe2 e4 29. Bc2 Bd6 30. Rf1 Qe7 31. Qd2 Rf8 32. Bg5 Qe8 33. Bf4 Qb8 34. Bh6
Rf7 35. Qf2 Bc8 36. Qh4 Rbe7 37. Bg5 Re8 38. Bf4 e3 39. Rde1 Bxf4 40. Qxf4 Qxf4
41. Rxf4 g5 42. Rf3 f4 43. g4 h5 44. Bg6 hxg4 45. Bxf7+ Kxf7 46. hxg4 Bxg4 47.
Kg2 Bxf3+ 48. Kxf3 Kf6 49. Kg4 Rh8 50. Re2 Rh4+ 51. Kf3 Kf5 52. Kg2 g4 53. Rb2
f3+ 54. Kg1 g3 55. b4 e2 0-1

[Event "45 Otwarte Mistrzostwa Chorzowa OPEN FI"]
[Site "MDK Batory"]
[Date "2009.04.03"]
[Round "7.1"]
[White "Osipow, Nikolaj"]
[Black "Banasik, Henryk"]
[Result "1-0"]
[WhiteElo "2251"]
[BlackElo "2121"]
[PlyCount "91"]
[EventDate "2009.??.??"]

1. d4 d5 2. Nf3 Nf6 3. e3 e6 4. Bd3 Nbd7 5. b3 c6 6. Bb2 Ne4 7. Bxe4 dxe4 8.
Nfd2 f5 9. O-O Qh4 10. Ba3 Bxa3 11. Nxa3 O-O 12. f3 e5 13. fxe4 exd4 14. exd4
fxe4 15. Rxf8+ Kxf8 16. Qe2 Nf6 17. Rf1 Ke8 18. Nac4 Bg4 19. Qe3 Be6 20. Nxe4
Nxe4 21. Rf4 Qh6 22. Qxe4 Rd8 23. Ne5 Qh5 24. Nxc6 Rd6 25. Ne5 Qd1+ 26. Kf2 Bd5
27. Qe2 Qxe2+ 28. Kxe2 g5 29. Rf2 Be4 30. Ke3 Bd5 31. c4 Bg8 32. d5 a5 33. Kd4
b6 34. Ng4 Ke7 35. Ne3 Ke8 36. a3 Rh6 37. g3 Rd6 38. b4 axb4 39. axb4 Bf7 40.
Nf5 Rd7 41. Ke5 Bg6 42. c5 bxc5 43. bxc5 Ra7 44. Nd6+ Kd8 45. Rf8+ Ke7 46. Nc8+
1-0